[Event "Logumkloster Byturnering Gruppe 3 2015"]
[Site "Oster Hojst"]
[Date "2015.04.07"]
[Round "1"]
[White "Pedersen, Michael"]
[Black "Sahakian, Gagik"]
[Result "0-1"]
[WhiteElo "1229"]
[BlackElo "1091"]
[PlyCount "52"]
[EventDate "2015.??.??"]

1. e4 e5 2. Nf3 Nc6 3. d4 d5 4. exd5 Qxd5 5. c4 Qe4+ 6. Be2 Bb4+ 7. Nc3 Bxc3+
8. bxc3 exd4 9. cxd4 Nf6 10. O-O O-O 11. Re1 Bf5 12. Ng5 Qe8 13. Ba3 Ne7 14.
Bf3 h6 15. Bxe7 hxg5 16. Bxf8 Qxf8 17. Bxb7 Rb8 18. Bc6 Qd6 19. d5 g4 20. g3
Qc5 21. Re5 Be4 22. Qe2 Qd4 23. Re8+ Nxe8 24. Rd1 Bf3 25. Qxe8+ Rxe8 26. Rxd4
Re1# 0-1

[Event "Logumkloster Byturnering Gruppe 3 2015"]
[Site "Oster Hojst"]
[Date "2015.04.07"]
[Round "1"]
[White "Kristensen, Karl Martin"]
[Black "Munksgaard, Aage"]
[Result "0-1"]
[WhiteElo "1409"]
[BlackElo "1236"]
[PlyCount "62"]
[EventDate "2015.??.??"]

1. c4 e5 2. Nc3 Nf6 3. h3 Be7 4. e4 Nc6 5. Nf3 h6 6. d3 a6 7. Be3 O-O 8. Be2
Nh7 9. O-O b6 10. a3 d6 11. b4 Ng5 12. d4 Nxf3+ 13. Bxf3 Bg5 14. d5 Bxe3 15.
fxe3 Ne7 16. Ra2 Bd7 17. Raf2 a5 18. b5 f6 19. a4 Qe8 20. Bg4 Bxg4 21. Qxg4 Kh8
22. Ne2 Rd8 23. Ng3 Qg6 24. Qh5 Qxg3 25. Rf3 Qg6 26. Qh4 Rf7 27. Qf2 Rdf8 28.
Qc2 f5 29. exf5 Rxf5 30. Rxf5 Rxf5 31. Kh2 Rxf1 0-1

[Event "Logumkloster Byturnering Gruppe 3 2015"]
[Site "Oster Hojst"]
[Date "2015.04.07"]
[Round "1"]
[White "Madsen, Nis H"]
[Black "Jensen, Jens Peter"]
[Result "0-1"]
[WhiteElo "1411"]
[BlackElo "1307"]
[PlyCount "104"]
[EventDate "2015.??.??"]

1. e4 e5 2. Nf3 d6 3. Bc4 Be7 4. Nc3 c6 5. h3 Nf6 6. d4 exd4 7. Nxd4 O-O 8. Bg5
h6 9. Bf4 a6 10. O-O b5 11. Bd3 c5 12. Nf3 Nh5 13. Qd2 Bb7 14. Nd5 c4 15. Be2
Bxd5 16. exd5 Nxf4 17. Qxf4 Nd7 18. Nd4 Ne5 19. Qg3 Bf6 20. c3 Bh4 21. Qf4 Bf6
22. Qg3 Bh4 23. Qh2 Bf6 24. f4 Nd3 25. Bxd3 Qb6 26. Be2 Bxd4+ 27. cxd4 Qxd4+
28. Kh1 Qxb2 29. Bf3 Rfe8 30. f5 Rad8 31. Qf4 Re5 32. f6 Rg5 33. fxg7 Kxg7 34.
Qe4 Qe5 35. Qh4 Qc3 36. Rae1 Qd3 37. Be4 Qd2 38. a3 Qc3 39. Rf3 Qb2 40. Qf2
Qxf2 41. Rxf2 Re5 42. Rfe2 Rde8 43. Bf3 Kf6 44. Kg1 Rxe2 45. Bxe2 Re3 46. Rf1+
Kg6 47. Bg4 Rxa3 48. Bd7 c3 49. Bf5+ Kg5 50. Bc2 Ra2 51. Rf5+ Kg6 52. Rf3+ Rxc2
0-1

[Event "Logumkloster Byturnering Gruppe 3 2015"]
[Site "Oster Hojst"]
[Date "2015.04.07"]
[Round "1"]
[White "Asmund, Erik"]
[Black "Jorgensen, Arne Juul"]
[Result "1/2-1/2"]
[WhiteElo "1381"]
[BlackElo "1052"]
[PlyCount "61"]
[EventDate "2015.??.??"]

1. d4 d5 2. c4 b6 3. Nf3 h6 4. Bf4 Nc6 5. e3 e6 6. a3 Bd6 7. Bxd6 Qxd6 8. b4 a6
9. c5 Qd7 10. Nc3 b5 11. Bd3 Nf6 12. Ne2 Qd8 13. Ng3 Ne7 14. Ne5 Bb7 15. Qc2 c6
16. f4 Qc7 17. Qe2 Rf8 18. O-O O-O-O 19. a4 Nd7 20. Nxd7 Kxd7 21. a5 g6 22. Qc2
Qc8 23. e4 Kc7 24. Qe2 h5 25. h4 Qb8 26. f5 Bc8 27. Qf2 Kb7 28. f6 Ng8 29. Qe3
e5 30. Ne2 Rfe8 31. Qg3 1/2-1/2

[Event "Logumkloster Byturnering Gruppe 3 2015"]
[Site "Oster Hojst"]
[Date "2015.04.09"]
[Round "1"]
[White "Harbo, Ole"]
[Black "Beck, Kresten"]
[Result "1/2-1/2"]
[WhiteElo "1094"]
[BlackElo "1147"]
[PlyCount "66"]
[EventDate "2015.??.??"]

1. e4 e5 2. Nf3 d6 3. h3 Nf6 4. Nc3 h6 5. Bc4 Nc6 6. Bb5 Bd7 7. Bxc6 Bxc6 8. d3
Be7 9. O-O O-O 10. b4 a6 11. a3 Nh7 12. d4 exd4 13. Nxd4 Bd7 14. Nd5 c6 15.
Nxe7+ Qxe7 16. Qf3 Qf6 17. Qd1 Rad8 18. Ra2 Qg6 19. Qf3 Ng5 20. Bxg5 Qxg5 21.
c3 Rfe8 22. Re1 d5 23. Rae2 dxe4 24. Rxe4 Rxe4 25. Rxe4 Kf8 26. Kh2 Qd5 27. Qe3
Re8 28. Rxe8+ Bxe8 29. Qf4 Qd7 30. Nf5 f6 31. Nd6 Qe7 32. Nxe8 Qxe8 33. Qd6+
Qe7 1/2-1/2

[Event "Logumkloster Byturnering Gruppe 3 2015"]
[Site "Oster Hojst"]
[Date "2015.04.14"]
[Round "2"]
[White "Sahakian, Gagik"]
[Black "Munksgaard, Aage"]
[Result "1-0"]
[WhiteElo "1091"]
[BlackElo "1236"]
[PlyCount "113"]
[EventDate "2015.??.??"]

1. d4 d5 2. Nf3 Nf6 3. Bf4 e6 4. a3 Be7 5. Be5 Nc6 6. Bf4 h6 7. Ne5 O-O 8. Qd3
a6 9. c3 Nxe5 10. Bxe5 Bd6 11. f4 Bxe5 12. fxe5 Nh7 13. Nd2 Bd7 14. g4 Qh4+ 15.
Kd1 Qxg4 16. Bh3 Qg5 17. Nf3 Qe7 18. Rg1 Kh8 19. Rg2 Rg8 20. Kd2 Raf8 21. Rag1
Be8 22. Qe3 Qd8 23. Rg3 f6 24. Bxe6 Bf7 25. Bxf7 Rxf7 26. Qf4 Qe7 27. Nh4 Nf8
28. Nf5 Ne6 29. Qh4 Qd8 30. exf6 Qxf6 31. Qxf6 Rxf6 32. Ne7 Re8 33. Nxd5 Rf7
34. h4 Rd8 35. Ne3 g5 36. hxg5 Nxg5 37. Rg4 Re8 38. Nc4 Rf2 39. Ne5 Kh7 40. Rh1
c5 41. Rxg5 Re6 42. Ke3 Rff6 43. Kd2 cxd4 44. cxd4 Rd6 45. Kd3 Rf4 46. e3 Rf2
47. b4 Ra2 48. Kc4 Rxa3 49. Kc5 Rf6 50. Ng4 Rc6+ 51. Kd5 Ra4 52. Ke5 Rxb4 53.
d5 Rcb6 54. e4 R4b5 55. Nf6+ Rxf6 56. Kxf6 Rb6+ 57. Kf7 1-0

[Event "Logumkloster Byturnering Gruppe 3 2015"]
[Site "Oster Hojst"]
[Date "2015.04.14"]
[Round "2"]
[White "Beck, Kresten"]
[Black "Jensen, Jens Peter"]
[Result "1/2-1/2"]
[WhiteElo "1147"]
[BlackElo "1307"]
[PlyCount "116"]
[EventDate "2015.??.??"]

1. e4 e5 2. Nf3 d6 3. Nc3 c6 4. d3 Be7 5. Be2 Nf6 6. h3 Nbd7 7. Be3 O-O 8. O-O
b6 9. d4 exd4 10. Nxd4 Bb7 11. Nf5 Ne5 12. Nxe7+ Qxe7 13. Bg5 h6 14. Bxf6 Qxf6
15. Qd2 Rad8 16. f4 Ng6 17. Qe3 Qe7 18. Qg3 d5 19. exd5 cxd5 20. Bd3 Qh4 21.
Qxh4 Nxh4 22. g3 Ng6 23. Bxg6 fxg6 24. Rf2 Rfe8 25. Nb5 a6 26. Nd4 b5 27. c3
Re3 28. Rf3 Rde8 29. Rxe3 Rxe3 30. Kf2 Re4 31. a3 Bc8 32. h4 Bb7 33. Nb3 Re8
34. Nc5 Re7 35. Re1 Rxe1 36. Kxe1 Bc8 37. b4 Kf7 38. Kf2 Kf6 39. Nd3 g5 40.
hxg5+ hxg5 41. Ke3 gxf4+ 42. gxf4 g5 43. fxg5+ Kxg5 44. Kd4 Kf5 45. Kxd5 Bb7+
46. Kd4 Kf6 47. Kc5 Be4 48. Nb2 Bb7 49. Kb6 Bc8 50. Nd3 Ke6 51. Nc5+ Kd5 52.
Nxa6 Kc4 53. Nc7 Bd7 54. Ka5 Bc6 55. Kb6 Bd7 56. Ka5 Bc6 57. Na6 Kxc3 58. Nc5
Kb2 1/2-1/2

[Event "Logumkloster Byturnering Gruppe 3 2015"]
[Site "Oster Hojst"]
[Date "2015.04.14"]
[Round "2"]
[White "Jorgensen, Arne Juul"]
[Black "Harbo, Ole"]
[Result "0-1"]
[WhiteElo "1052"]
[BlackElo "1094"]
[PlyCount "51"]
[EventDate "2015.??.??"]

1. e4 e5 2. Nf3 Nc6 3. a3 Nf6 4. Nc3 a6 5. Bc4 h6 6. b4 b5 7. Bb3 a5 8. bxa5
Rxa5 9. O-O b4 10. Nb1 Nxe4 11. Bb2 bxa3 12. Nxa3 Bxa3 13. Bxa3 d6 14. Bb2 Rxa1
15. Bxa1 Ng5 16. c3 O-O 17. Re1 Bg4 18. Bd5 Ne7 19. Qb3 Nxd5 20. Qxd5 Be6 21.
Qa5 Nxf3+ 22. gxf3 Qg5+ 23. Kf1 Bc4+ 24. Re2 Qxd2 25. Kg2 Qxe2 26. Kg3 0-1

[Event "Logumkloster Byturnering Gruppe 3 2015"]
[Site "Oster Hojst"]
[Date "2015.04.14"]
[Round "2"]
[White "Kristensen, Karl Martin"]
[Black "Asmund, Erik"]
[Result "1-0"]
[WhiteElo "1409"]
[BlackElo "1381"]
[PlyCount "75"]
[EventDate "2015.??.??"]

1. c4 e5 2. Nc3 c6 3. Nf3 d6 4. e4 Bg4 5. g3 Nd7 6. Be2 Be7 7. d3 Qc7 8. Be3 h6
9. d4 Bxf3 10. Bxf3 exd4 11. Bxd4 Bf6 12. O-O Ne7 13. Bg2 O-O 14. f4 Bxd4+ 15.
Qxd4 Qb6 16. Qxb6 Nxb6 17. b3 Rad8 18. Rad1 f5 19. Rf2 Rd7 20. Rfd2 Rfd8 21.
Bh3 g6 22. g4 fxg4 23. Bxg4 Rc7 24. Rxd6 Rxd6 25. Rxd6 Kg7 26. f5 Nd7 27. h4
Nf6 28. Bh3 h5 29. Kg2 Rd7 30. c5 Rc7 31. e5 Nfd5 32. f6+ Kf8 33. fxe7+ Kxe7
34. Nxd5+ cxd5 35. Rxd5 b6 36. b4 bxc5 37. Rxc5 Rb7 38. b5 1-0

[Event "Logumkloster Byturnering Gruppe 3 2015"]
[Site "Oster Hojst"]
[Date "2015.04.14"]
[Round "2"]
[White "Madsen, Nis H"]
[Black "Pedersen, Michael"]
[Result "1-0"]
[WhiteElo "1411"]
[BlackElo "1229"]
[PlyCount "91"]
[EventDate "2015.??.??"]

1. d4 Nf6 2. Nf3 e6 3. Nc3 Bb4 4. Bd2 b6 5. a3 Be7 6. g3 Bb7 7. Bg2 c5 8. O-O
Nc6 9. dxc5 Bxc5 10. Bf4 O-O 11. Bd6 Bxd6 12. Qxd6 Ne8 13. Qd2 d5 14. Rfd1 Nf6
15. Nd4 Ne7 16. Qf4 Ng6 17. Qg5 Re8 18. Qd2 Ng4 19. b3 a6 20. e4 dxe4 21. Nxe4
Qe7 22. c3 Rad8 23. Qe2 N4e5 24. f4 Nd7 25. Ng5 Bxg2 26. Qxg2 Qc5 27. Ne4 Qc7
28. Rac1 Nc5 29. Nxc5 Qxc5 30. b4 Qc7 31. c4 e5 32. Nc6 Rxd1+ 33. Rxd1 e4 34.
b5 axb5 35. cxb5 f5 36. Rd5 Qf7 37. Qd2 e3 38. Qd3 e2 39. Re5 Rxe5 40. fxe5
e1=Q+ 41. Kg2 Qa2+ 42. Kh3 Qee2 43. Qd8+ Nf8 44. Ne7+ Kh8 45. Qxf8+ Qg8 46.
Qxg8# 1-0

[Event "Logumkloster Byturnering Gruppe 3 2015"]
[Site "Oster Hojst"]
[Date "2015.04.21"]
[Round "3"]
[White "Munksgaard, Aage"]
[Black "Harbo, Ole"]
[Result "1-0"]
[WhiteElo "1236"]
[BlackElo "1094"]
[PlyCount "57"]
[EventDate "2015.??.??"]

1. e4 e5 2. Nf3 d6 3. h3 a6 4. Nc3 Be6 5. a3 Nf6 6. d4 exd4 7. Nxd4 Bd7 8. Bd3
c5 9. Nf3 h6 10. O-O Be6 11. e5 Nfd7 12. exd6 Bxd6 13. b3 Nf6 14. Bb2 O-O 15.
Ne4 Nxe4 16. Bxe4 Ra7 17. a4 Qc7 18. c4 Rd8 19. Qc2 f5 20. Bxf5 Bxf5 21. Qxf5
Rf8 22. Qd5+ Rf7 23. Be5 Bxe5 24. Nxe5 b6 25. Nxf7 Qxf7 26. Qxf7+ Rxf7 27. Rad1
Nd7 28. Rfe1 Kh7 29. Re6 1-0

[Event "Logumkloster Byturnering Gruppe 3 2015"]
[Site "Oster Hojst"]
[Date "2015.04.21"]
[Round "3"]
[White "Jensen, Jens Peter"]
[Black "Sahakian, Gagik"]
[Result "0-1"]
[WhiteElo "1307"]
[BlackElo "1091"]
[PlyCount "127"]
[EventDate "2015.??.??"]

1. e4 e5 2. Bc4 Nf6 3. d3 h6 4. Nf3 Nc6 5. a3 Bc5 6. O-O d6 7. h3 Qe7 8. Nc3
Be6 9. Bb5 Bd7 10. Be3 Bxe3 11. fxe3 a6 12. Bc4 Na5 13. Ba2 O-O-O 14. Qe1 g5
15. Nd5 Nxd5 16. Bxd5 Nc6 17. Nh2 f6 18. b4 Nb8 19. a4 c6 20. Bc4 c5 21. b5 a5
22. Qxa5 Be6 23. Qc3 Bxc4 24. dxc4 Rhf8 25. a5 Rd7 26. a6 bxa6 27. bxa6 Ra7 28.
Ng4 h5 29. Nh6 Rxa6 30. Rxa6 Nxa6 31. Ra1 Qb7 32. Nf5 Kd7 33. Qd3 Qc6 34. c3
Ra8 35. Rf1 Rg8 36. Nh6 Rg6 37. Nf5 Nc7 38. Ng3 h4 39. Nh5 Ne8 40. g4 hxg3 41.
Nxg3 Rh6 42. Kg2 Rh4 43. Qd5 Qxd5 44. cxd5 g4 45. hxg4 Rxg4 46. Kh3 Rg6 47. Kh4
Rh6+ 48. Kg4 Ng7 49. Rh1 Rxh1 50. Nxh1 Kc7 51. Ng3 Kb6 52. Kf3 Kb5 53. Ke2 Kc4
54. Kd2 Ne8 55. Nf5 Kb3 56. Kd3 c4+ 57. Kd2 Kb2 58. Ng3 Nc7 59. Nh5 Nb5 60.
Nxf6 Nxc3 61. Ke1 Nb5 62. Kd2 c3+ 63. Kd3 c2 64. Kc4 0-1

[Event "Logumkloster Byturnering Gruppe 3 2015"]
[Site "Oster Hojst"]
[Date "2015.04.21"]
[Round "3"]
[White "Beck, Kresten"]
[Black "Kristensen, Karl Martin"]
[Result "0-1"]
[WhiteElo "1147"]
[BlackElo "1409"]
[PlyCount "70"]
[EventDate "2015.??.??"]

1. e4 e5 2. Nf3 Nc6 3. d3 Bc5 4. Nc3 d6 5. a3 a6 6. Be2 h6 7. Nd5 Nf6 8. c4 Nd4
9. Nxd4 Bxd4 10. Rb1 c6 11. Ne3 O-O 12. Nc2 Ba7 13. Be3 c5 14. O-O Be6 15. h3
Qd7 16. Kh2 g5 17. g4 Kh7 18. Rg1 Ng8 19. Bd2 Ne7 20. Qf1 Ng6 21. f3 b5 22.
cxb5 axb5 23. Rg3 d5 24. exd5 Bxd5 25. Ne3 Be6 26. Bc3 c4 27. Nc2 f5 28. gxf5
Bxf5 29. Nb4 Bb8 30. Kh1 e4 31. Qg2 Nf4 32. Qf1 Nxe2 33. Qxe2 Bxg3 34. fxe4
Bxh3 35. Rg1 Rf2 0-1

[Event "Logumkloster Byturnering Gruppe 3 2015"]
[Site "Oster Hojst"]
[Date "2015.04.21"]
[Round "3"]
[White "Jorgensen, Arne Juul"]
[Black "Madsen, Nis H"]
[Result "0-1"]
[WhiteElo "1052"]
[BlackElo "1411"]
[PlyCount "70"]
[EventDate "2015.??.??"]

1. d4 e6 2. c4 Nf6 3. Nf3 d5 4. e3 b6 5. Bd3 c5 6. b3 g6 7. Bb2 Bg7 8. Nc3 Bb7
9. O-O O-O 10. Re1 Nc6 11. a3 a6 12. Na4 cxd4 13. Nxd4 Nxd4 14. Bxd4 Nd7 15.
Bxg7 Kxg7 16. Nc3 Qg5 17. e4 d4 18. Na4 Bc6 19. Nb2 Nc5 20. Bc2 Rad8 21. Qf3
Nd7 22. Qg3 Qe7 23. b4 e5 24. Nd3 a5 25. b5 Bb7 26. a4 f6 27. f4 exf4 28. Nxf4
Ne5 29. Bb3 Bc8 30. Ra2 d3 31. Rd2 Qc5+ 32. Qe3 Qb4 33. Rb1 Nxc4 34. Nxd3 Qxd2
35. Qxd2 Nxd2 0-1

[Event "Logumkloster Byturnering Gruppe 3 2015"]
[Site "Oster Hojst"]
[Date "2015.04.21"]
[Round "3"]
[White "Pedersen, Michael"]
[Black "Asmund, Erik"]
[Result "0-1"]
[WhiteElo "1229"]
[BlackElo "1381"]
[PlyCount "108"]
[EventDate "2015.??.??"]

1. e4 c5 2. Nf3 d6 3. Bc4 Bg4 4. h3 Bh5 5. g4 Bg6 6. d3 Qc7 7. Ng5 h6 8. Nf3
Nd7 9. Nc3 e6 10. Be3 a6 11. a3 Ngf6 12. Nh4 Bh7 13. Qd2 Ne5 14. f4 Nxc4 15.
dxc4 Nxe4 16. Nxe4 Bxe4 17. Rg1 Be7 18. Ng2 O-O-O 19. O-O-O d5 20. cxd5 Rxd5
21. Qf2 Rhd8 22. Rge1 Bxg2 23. Qxg2 Qa5 24. Qe2 Qa4 25. Rd2 c4 26. c3 Qc6 27.
Red1 b5 28. Qf2 Rxd2 29. Rxd2 Rxd2 30. Qxd2 Qh1+ 31. Kc2 Qxh3 32. Qe2 Qh1 33.
Bd4 g6 34. Be3 Qe4+ 35. Kc1 Bc5 36. Kd2 Qxe3+ 37. Qxe3 Bxe3+ 38. Kxe3 Kd7 39.
Kd4 Kd6 40. Ke4 h5 41. gxh5 gxh5 42. Kf3 f5 43. Kg3 e5 44. Kf3 Kd5 45. Ke3 h4
46. Kf3 h3 47. fxe5 Kxe5 48. Kg3 Ke4 49. Kxh3 Kf3 50. Kh2 Kf2 51. Kh3 f4 52.
Kg4 f3 53. Kf4 Ke2 54. Ke4 f2 0-1

[Event "Logumkloster Byturnering Gruppe 3 2015"]
[Site "Oster Hojst"]
[Date "2015.05.05"]
[Round "4"]
[White "Sahakian, Gagik"]
[Black "Kristensen, Karl Martin"]
[Result "0-1"]
[WhiteElo "1091"]
[BlackElo "1409"]
[PlyCount "100"]
[EventDate "2015.??.??"]

1. e4 e5 2. Nf3 Nc6 3. Bb5 Bc5 4. c3 Nf6 5. d3 h6 6. O-O d6 7. Re1 Bd7 8. b4
Bb6 9. h3 O-O 10. Be3 Ne7 11. Bxd7 Qxd7 12. Bxb6 axb6 13. d4 Qc6 14. d5 Qc4 15.
Qc2 g5 16. Nbd2 Qb5 17. a4 Qd7 18. g4 Ng6 19. Re3 Nf4 20. Nh2 h5 21. Rf3 hxg4
22. hxg4 Nxg4 23. Nxg4 Qxg4+ 24. Rg3 Ne2+ 25. Kg2 Nxg3 26. fxg3 Qe2+ 27. Kg1
Kg7 28. Qd1 Qxd1+ 29. Rxd1 Rxa4 30. g4 Rfa8 31. Nb3 Ra2 32. Nd2 Ra1 33. Rxa1
Rxa1+ 34. Kf2 Ra2 35. Ke3 b5 36. Kd3 Rb2 37. c4 Rxb4 38. Kc3 Rxc4+ 39. Nxc4
bxc4 40. Kxc4 Kf8 41. Kd3 Ke7 42. Ke3 Kd7 43. Kd3 c6 44. Kc4 c5 45. Kb5 Kc7 46.
Ka5 c4 47. Kb4 b5 48. Kc3 Kb6 49. Kb4 f6 50. Kc3 Kc5 0-1

[Event "Logumkloster Byturnering Gruppe 3 2015"]
[Site "Oster Hojst"]
[Date "2015.05.05"]
[Round "4"]
[White "Munksgaard, Aage"]
[Black "Madsen, Nis H"]
[Result "0-1"]
[WhiteElo "1236"]
[BlackElo "1411"]
[PlyCount "64"]
[EventDate "2015.??.??"]

1. e4 e5 2. Nf3 Nf6 3. Nc3 Nc6 4. a3 Bc5 5. h3 d6 6. Bc4 Nd4 7. d3 Be6 8. Ba2
a6 9. Bg5 b5 10. b4 Ba7 11. Nd5 Bxd5 12. Bxd5 Rc8 13. Bc6+ Nxc6 14. c3 O-O 15.
O-O Qe7 16. Nh2 Nd8 17. Ng4 Ne6 18. Nxf6+ gxf6 19. Bh4 Kh8 20. Kh2 Rg8 21. Ra2
Rg6 22. Qf3 Nf4 23. g3 Ne6 24. Qf5 Rcg8 25. Rc2 Ng7 26. Qf3 Qe6 27. Rb2 f5 28.
Rbb1 c6 29. Rb2 fxe4 30. Qxe4 d5 31. Qe2 Nf5 32. Rbb1 Nxh4 0-1

[Event "Logumkloster Byturnering Gruppe 3 2015"]
[Site "Oster Hojst"]
[Date "2015.05.05"]
[Round "4"]
[White "Harbo, Ole"]
[Black "Jensen, Jens Peter"]
[Result "0-1"]
[WhiteElo "1094"]
[BlackElo "1307"]
[PlyCount "86"]
[EventDate "2015.??.??"]

1. d4 d5 2. Bf4 e6 3. e3 Be7 4. Nf3 Nd7 5. Bd3 h6 6. h3 Ngf6 7. O-O O-O 8. Nc3
a6 9. e4 dxe4 10. Nxe4 Nd5 11. Bg3 Nb4 12. Be2 f5 13. Ned2 f4 14. Bh2 b5 15. c3
Nd5 16. Qb3 c5 17. Rfe1 c4 18. Qc2 N7f6 19. b3 cxb3 20. Qxb3 b4 21. cxb4 Bxb4
22. a3 Bxd2 23. Nxd2 Qc7 24. Bf3 a5 25. Ne4 Ra7 26. Nc5 Qd6 27. Qd3 Bd7 28. Bd1
Rc7 29. Qd2 Ra7 30. Ne4 Nxe4 31. Rxe4 Bc6 32. Re1 Rf6 33. Qd3 Rb7 34. Bc2 Bb5
35. Qh7+ Kf7 36. Bb1 Nc3 37. Bd3 Qxd4 38. Bxb5 Rxb5 39. Kh1 Rb2 40. f3 Rg6 41.
Rg1 Qd2 42. Qxg6+ Kxg6 43. Rae1 Kf6 0-1

[Event "Logumkloster Byturnering Gruppe 3 2015"]
[Site "Oster Hojst"]
[Date "2015.05.05"]
[Round "4"]
[White "Asmund, Erik"]
[Black "Beck, Kresten"]
[Result "1/2-1/2"]
[WhiteElo "1381"]
[BlackElo "1147"]
[PlyCount "33"]
[EventDate "2015.??.??"]

1. e4 e5 2. Bc4 Nc6 3. Nf3 d6 4. h3 h6 5. c3 Nf6 6. d3 Be7 7. Be3 a6 8. Nbd2
Nh7 9. Nh2 Bg5 10. Qe2 Bxe3 11. Qxe3 Qg5 12. Qxg5 Nxg5 13. h4 Ne6 14. b3 O-O
15. g4 f6 16. Ndf1 Ne7 17. Ng3 1/2-1/2

[Event "Logumkloster Byturnering Gruppe 3 2015"]
[Site "Oster Hojst"]
[Date "2015.05.05"]
[Round "4"]
[White "Pedersen, Michael"]
[Black "Jorgensen, Arne Juul"]
[Result "1-0"]
[WhiteElo "1229"]
[BlackElo "1052"]
[PlyCount "65"]
[EventDate "2015.??.??"]

1. e4 c5 2. Nf3 d6 3. Bc4 e6 4. Nc3 Nf6 5. a3 a6 6. d4 Nbd7 7. Bg5 Be7 8. Qd2
Nb6 9. Ba2 Bd7 10. O-O Bc6 11. Rfe1 O-O 12. b3 d5 13. e5 Nfd7 14. Bf4 c4 15. b4
Na4 16. Nxa4 Bxa4 17. c3 Bc6 18. Bb1 Re8 19. Qc2 Nf8 20. Bg3 a5 21. Nd2 Qc7 22.
h4 h6 23. Re3 Qc8 24. Nf1 Rd8 25. Nh2 Be8 26. Ng4 Rd7 27. Bf4 Ng6 28. h5 Nf8
29. Nxh6+ gxh6 30. Rg3+ Ng6 31. hxg6 Kg7 32. Bxh6+ Kxh6 33. g7 1-0

[Event "Logumkloster Byturnering Gruppe 3 2015"]
[Site "Sovang"]
[Date "2015.05.07"]
[Round "5"]
[White "Madsen, Nis H"]
[Black "Sahakian, Gagik"]
[Result "0-1"]
[WhiteElo "1411"]
[BlackElo "1091"]
[PlyCount "110"]
[EventDate "2015.??.??"]

1. d4 d5 2. Bf4 Bf5 3. Nc3 a6 4. g3 e6 5. a3 Bd6 6. Bxd6 Qxd6 7. Nf3 Nf6 8. Bg2
Ne4 9. e3 Nxc3 10. bxc3 Be4 11. O-O h6 12. Ne5 Bxg2 13. Kxg2 Nd7 14. f4 Nxe5
15. fxe5 Qc6 16. Qd3 b5 17. Kg1 Qb6 18. e4 c6 19. Qf3 O-O 20. a4 b4 21. exd5
cxd5 22. cxb4 Qxd4+ 23. Qf2 Qxb4 24. Rfb1 Qe4 25. Re1 Qc4 26. Reb1 Rab8 27. Qa7
Rxb1+ 28. Rxb1 Qxa4 29. Rb8 Rxb8 30. Qxb8+ Kh7 31. Qb2 Qb5 32. Qb3 Qxb3 33.
cxb3 Kg6 34. g4 Kg5 35. h3 Kf4 36. Kf2 Kxe5 37. Ke3 g5 38. Kf3 d4 39. b4 Kd5
40. Ke2 e5 41. Kd3 e4+ 42. Ke2 Kc4 43. Kd2 e3+ 44. Ke2 Kc3 45. Kd1 d3 46. Ke1
Kc2 47. Kf1 d2 48. Kg2 d1=Q 49. b5 Qd2+ 50. Kg1 Qe1+ 51. Kg2 Qf2+ 52. Kh1 Qd2
53. h4 e2 54. Kh2 e1=R+ 55. Kh3 Re3# 0-1

[Event "Logumkloster Byturnering Gruppe 3 2015"]
[Site "Oster Hojst"]
[Date "2015.05.12"]
[Round "5"]
[White "Jensen, Jens Peter"]
[Black "Kristensen, Karl Martin"]
[Result "0-1"]
[WhiteElo "1307"]
[BlackElo "1409"]
[PlyCount "110"]
[EventDate "2015.??.??"]

1. e4 e5 2. Bc4 Nf6 3. d3 Bc5 4. Nf3 O-O 5. Nxe5 d5 6. exd5 Re8 7. d4 Bg4 8.
Qd3 Bxd4 9. Qxd4 Nc6 10. Qc3 Ne4 11. Qb3 Rxe5 12. O-O Nd4 13. Qa3 Nxc2 14. Qa4
Nxa1 15. Bf4 Qd6 16. Nc3 Nxc3 17. bxc3 Qe7 18. Bxe5 Qxe5 19. Rxa1 Qxc3 20. Rf1
a6 21. h3 Bf5 22. Qb3 Qxb3 23. Bxb3 Rd8 24. Re1 Bd7 25. Re3 Re8 26. Rc3 c6 27.
Rf3 Re7 28. d6 Re1+ 29. Kh2 Be6 30. Rd3 Bd7 31. Rf3 Be8 32. Re3 Rxe3 33. fxe3
Kf8 34. Bc2 g6 35. e4 f6 36. Bd1 Bd7 37. Kg3 Kf7 38. Bb3+ Kf8 39. h4 h6 40. Kf4
b5 41. g4 g5+ 42. Kg3 a5 43. a4 c5 44. axb5 Bxb5 45. hxg5 hxg5 46. Kf3 c4 47.
Bc2 a4 48. Ke3 a3 49. Bb1 c3 50. Ba2 Ke8 51. Bb3 Kd7 52. e5 fxe5 53. Ke4 Kxd6
54. Kf5 Bd3+ 55. Kxg5 c2 0-1

[Event "Logumkloster Byturnering Gruppe 3 2015"]
[Site "Oster Hojst"]
[Date "2015.05.12"]
[Round "5"]
[White "Asmund, Erik"]
[Black "Munksgaard, Aage"]
[Result "1-0"]
[WhiteElo "1381"]
[BlackElo "1236"]
[PlyCount "47"]
[EventDate "2015.??.??"]

1. e4 e5 2. Nf3 Nc6 3. Bc4 h6 4. c3 d6 5. h3 Be6 6. Bxe6 fxe6 7. d4 exd4 8.
Nxd4 Nxd4 9. Qh5+ Ke7 10. cxd4 Qe8 11. Qe2 a6 12. b3 Kd7 13. Be3 Nf6 14. Nd2 c6
15. Bf4 g5 16. Bh2 Bg7 17. Nc4 Qd8 18. Nxd6 Ke7 19. O-O Qb6 20. Rad1 Rad8 21.
e5 Ne8 22. Qh5 Rf8 23. Qg6 Rd7 24. Nc8+ 1-0

[Event "Logumkloster Byturnering Gruppe 3 2015"]
[Site "Oster Hojst"]
[Date "2015.05.12"]
[Round "5"]
[White "Harbo, Ole"]
[Black "Pedersen, Michael"]
[Result "0-1"]
[WhiteElo "1094"]
[BlackElo "1229"]
[PlyCount "102"]
[EventDate "2015.??.??"]

1. Nf3 d5 2. e3 Bg4 3. Be2 c5 4. d4 c4 5. Nc3 Nc6 6. a3 e6 7. h3 Bf5 8. O-O Bd6
9. b3 cxb3 10. cxb3 a6 11. Bd3 Bg6 12. Re1 f5 13. Na4 Nf6 14. Ng5 Qe7 15. f3 b5
16. Nc3 Nd7 17. f4 O-O 18. e4 fxe4 19. Ncxe4 dxe4 20. Bxe4 Bxe4 21. Rxe4 Rf6
22. d5 Nd8 23. g3 e5 24. b4 Nf7 25. Nxf7 Qxf7 26. Be3 Re8 27. Qd2 exf4 28.
Rxe8+ Qxe8 29. gxf4 Qg6+ 30. Kh2 Qe4 31. Rf1 Nf8 32. Kg1 Rg6+ 33. Kh2 Rf6 34.
Rf2 Ng6 35. Kg3 h5 36. Qd4 Qxd4 37. Bxd4 Rxf4 38. Rxf4 Nxf4 39. Kh4 g6 40. Kg5
Kf7 41. Bc5 Be5 42. d6 Bf6+ 43. Kxf4 g5+ 44. Ke4 Ke6 45. Kf3 Be5 46. d7 Kxd7
47. Ke4 Ke6 48. Be3 g4 49. hxg4 hxg4 50. Bf2 g3 51. Be3 Bb2 0-1

[Event "Logumkloster Byturnering Gruppe 3 2015"]
[Site "Oster Hojst"]
[Date "2015.05.12"]
[Round "5"]
[White "Jorgensen, Arne Juul"]
[Black "Beck, Kresten"]
[Result "0-1"]
[WhiteElo "1052"]
[BlackElo "1147"]
[PlyCount "62"]
[EventDate "2015.??.??"]

1. d4 d5 2. Nf3 Nc6 3. Bf4 e6 4. c3 Nf6 5. Nbd2 h6 6. e3 Bd6 7. Bxd6 Qxd6 8.
Bb5 a6 9. Ba4 Bd7 10. c4 dxc4 11. Nxc4 Qb4+ 12. Nfd2 b5 13. a3 Qe7 14. Qb3 bxa4
15. Qb7 O-O 16. Qxc7 Qd8 17. Qxd8 Rfxd8 18. O-O Ne7 19. Rab1 Bb5 20. Rfc1 Rac8
21. Ne5 Rxc1+ 22. Rxc1 Rc8 23. Rxc8+ Nxc8 24. f4 Nd6 25. g4 Nfe4 26. Ndf3 Nc4
27. Nd3 Nxe3 28. Nfe1 Nxg4 29. h3 Ngf6 30. Ne5 Nd5 31. N5f3 Nxf4 0-1